Zadymiarze z Brawl Stars. - Statystyki

Ogólne statystyki
  • Ten quiz został rozwiązany 76 razy
    5 od ostatniego zresetowania
  • Średni wynik to 57 z 99
Statystyki odpowiedzi
Zadymiarz % Poprawnych
El primo
100%
Kenji
100%
Nita
100%
Poco
100%
Shelly
100%
Spike
100%
8-bitowiec
75%
Ash
75%
Barley
75%
Bibi
75%
Bo
75%
Bonnie
75%
Bull
75%
Carl
75%
Colette
75%
Colt
75%
Cordelius
75%
Darryl
75%
Draco
75%
Dynamike
75%
Edgar
75%
Emz
75%
Frank
75%
Gale
75%
Glowbert
75%
Gus
75%
Hank
75%
Jacky
75%
Janet
75%
Jessie
75%
Kaze
75%
Kieł
75%
Kiełek
75%
Kit
75%
Kruk
75%
Leon
75%
Meg
75%
Mortis
75%
Penny
75%
Rosa
75%
Squeak
75%
Tara
75%
Tick
75%
Trunk
75%
Ziggy
75%
Amber
50%
Bea
50%
Belle
50%
Berry
50%
Brock
50%
Buster
50%
Buzz
50%
Byron
50%
Chester
50%
Chuck
50%
Doug
50%
Eve
50%
Gene
50%
Gray
50%
Griff
50%
Grom
50%
Juju
50%
Lola
50%
Lumi
50%
Maisie
50%
Maks
50%
Meeple
50%
Mico
50%
Mina
50%
Nani
50%
Otis
50%
Pam
50%
Pan P
50%
Piper
50%
R-T
50%
Ruffs
50%
Sam
50%
Sandy
50%
Shade
50%
Stu
50%
Surge
50%
Willow
50%
Angelo
25%
Charlie
25%
Clancy
25%
Finx
25%
Gigi
25%
Larry i Lawrie
25%
Lily
25%
Lou
25%
Mandy
25%
Melodie
25%
Moe
25%
Ollie
25%
Pierce
25%
Rico
25%
Alli
0%
Jae-Yong
0%
Pearl
0%
Nie znaleziono quizów pasujących do podanych kryteriów
Rozkład punktacji
Procent ludzi z każdym wynikiem
Percentyl według liczby udzielonych odpowiedzi
Twoja historia wyników
Nie rozwiązałeś tego quizu od ostatniego zresetowania